| 000 | 01096cam a22001934a 4500 | ||
|---|---|---|---|
| 005 | 20250605164409.0 | ||
| 008 | 250528s ||||||||||||||||||||||||d | ||
| 035 | _a24937 | ||
| 020 | _a9780804797931 | ||
| 040 |
_aGR-AtMCL _bgre _dGR-AtMCL _eAACR2 |
||
| 245 | 1 | _aOrganizational Transformation / How to Achieve It and One Person at a Time | |
| 260 |
_bStanford University Press, _c2018 |
||
| 300 | _a210 | ||
| 520 | _aThis book provides leaders and human resource professionals with invaluable insights they will find easy to digest and apply for impactful change. Acknowledgements, Preamble, Building the Narrative, First Principle: Changing the Self - Concepts, The Four - State Model, The Identifying State: The Signal for Change, The Initiating State: Beginning the Launch, The Impending State: Breaking Better, The Institutionalizing State: Defining 'My Organization', A Tale of Two Transformations, Becoming the Change and Sustaining It, Developing as a Transformative Leader, Notes, Index. | ||
| 700 | 1 |
_aAvolio Bruce J. _99688 |
|
| 942 | _cBK | ||
| 999 |
_c9766 _d9766 |
||